[Event "DEM U18 2024"]
[Site "Willingen GER"]
[Date "2024.05.22"]
[Round "6"]
[White "Storm, Max"]
[Black "Metzdorf, Matteo"]
[Result "1-0"]
[Termination "normal"]
[Board "12"]
[WhiteElo "1903"]
[BlackElo "2131"]
[WhiteClock "00:19:18"]
[BlackClock "00:16:46"]
[PlyCount "137"]
[WhiteFideId "34625658"]
[BlackFideId "16209869"]
[EventCountry "GER"]
[EventRounds "9"]
[EventType "swiss"]
[EventDate "2024.05.18"]

1. e4 {[%clk 01:30:57]} {[%emt 00:00:02]} c5 {[%clk 01:30:54]} {[%emt
00:00:06]} 2. Nf3 {[%clk 01:31:20]} {[%emt 00:00:07]} e6 {[%clk 01:31:19]}
{[%emt 00:00:05]} 3. d4 {[%clk 01:31:45]} {[%emt 00:00:05]} cxd4 {[%clk
01:31:45]} {[%emt 00:00:04]} 4. Nxd4 {[%clk 01:32:08]} {[%emt 00:00:06]} a6
{[%clk 01:32:09]} {[%emt 00:00:07]} 5. c4 {[%clk 01:32:18]} {[%emt 00:00:20]}
Nf6 {[%clk 01:31:48]} {[%emt 00:00:52]} 6. Nc3 {[%clk 01:32:23]} {[%emt
00:00:24]} Qc7 {[%clk 01:32:12]} {[%emt 00:00:06]} 7. a3 {[%clk 01:31:54]}
{[%emt 00:00:59]} b6 {[%clk 01:32:16]} {[%emt 00:00:27]} 8. Be3 {[%clk
01:28:02]} {[%emt 00:04:21]} Bb7 {[%clk 01:32:30]} {[%emt 00:00:16]} 9. f3
{[%clk 01:26:31]} {[%emt 00:02:01]} d6 {[%clk 01:31:29]} {[%emt 00:01:31]} 10.
Be2 {[%clk 01:26:16]} {[%emt 00:00:44]} Nbd7 {[%clk 01:31:28]} {[%emt
00:00:32]} 11. O-O {[%clk 01:24:38]} {[%emt 00:02:08]} Be7 {[%clk 01:31:07]}
{[%emt 00:00:51]} 12. Qd2 {[%clk 01:23:56]} {[%emt 00:01:12]} O-O {[%clk
01:30:33]} {[%emt 00:01:04]} 13. Rac1 {[%clk 01:23:19]} {[%emt 00:01:06]} Rac8
{[%clk 01:29:08]} {[%emt 00:01:57]} 14. b4 {[%clk 01:18:31]} {[%emt 00:05:17]}
Qb8 {[%clk 01:27:25]} {[%emt 00:02:14]} 15. Nb3 {[%clk 01:05:11]} {[%emt
00:13:50]} Bd8 {[%clk 01:20:41]} {[%emt 00:07:13]} 16. Kh1 {[%clk 01:00:19]}
{[%emt 00:05:21]} Bc7 {[%clk 01:10:45]} {[%emt 00:10:28]} 17. Rfd1 {[%clk
00:54:08]} {[%emt 00:06:40]} Rfe8 {[%clk 01:07:53]} {[%emt 00:03:22]} 18. Bf4
{[%clk 00:41:05]} {[%emt 00:13:32]} Ne5 {[%clk 00:43:55]} {[%emt 00:24:30]} 19.
Bxe5 {[%clk 00:38:55]} {[%emt 00:02:39]} dxe5 {[%clk 00:44:23]} {[%emt
00:00:02]} 20. c5 {[%clk 00:38:23]} {[%emt 00:01:01]} Qa7 {[%clk 00:38:28]}
{[%emt 00:06:27]} 21. Qe3 {[%clk 00:36:55]} {[%emt 00:01:57]} bxc5 {[%clk
00:33:03]} {[%emt 00:05:55]} 22. Qxc5 {[%clk 00:34:50]} {[%emt 00:02:34]} Qb8
{[%clk 00:25:06]} {[%emt 00:08:27]} 23. Na4 {[%clk 00:33:13]} {[%emt 00:02:07]}
Red8 {[%clk 00:21:33]} {[%emt 00:04:03]} 24. Nb6 {[%clk 00:25:21]} {[%emt
00:08:23]} Bxb6 {[%clk 00:16:31]} {[%emt 00:05:33]} 25. Qxb6 {[%clk 00:25:40]}
{[%emt 00:00:10]} Rxc1 {[%clk 00:15:27]} {[%emt 00:01:34]} 26. Rxc1 {[%clk
00:25:35]} {[%emt 00:00:35]} Nd7 {[%clk 00:15:07]} {[%emt 00:00:50]} 27. Qc7
{[%clk 00:23:58]} {[%emt 00:02:07]} Kf8 {[%clk 00:14:09]} {[%emt 00:01:28]} 28.
Kg1 {[%clk 00:17:26]} {[%emt 00:07:01]} Ke7 {[%clk 00:11:13]} {[%emt 00:03:27]}
29. Qxb8 {[%clk 00:07:10]} {[%emt 00:10:46]} Nxb8 {[%clk 00:06:00]} {[%emt
00:05:43]} 30. Rc5 {[%clk 00:04:27]} {[%emt 00:03:12]} f6 {[%clk 00:03:27]}
{[%emt 00:03:05]} 31. Na5 {[%clk 00:03:06]} {[%emt 00:01:49]} Ba8 {[%clk
00:02:52]} {[%emt 00:01:06]} 32. Kf2 {[%clk 00:02:44]} {[%emt 00:00:51]} Kd7
{[%clk 00:02:27]} {[%emt 00:00:56]} 33. Bc4 {[%clk 00:02:33]} {[%emt 00:00:41]}
Kd6 {[%clk 00:02:19]} {[%emt 00:00:38]} 34. Bb3 {[%clk 00:02:09]} {[%emt
00:00:53]} Ke7 {[%clk 00:01:29]} {[%emt 00:01:20]} 35. Ke3 {[%clk 00:02:03]}
{[%emt 00:00:36]} Rd6 {[%clk 00:01:14]} {[%emt 00:00:45]} 36. Rc8 {[%clk
00:02:11]} {[%emt 00:00:23]} Rd8 {[%clk 00:01:23]} {[%emt 00:00:21]} 37. Bxe6
{[%clk 00:01:45]} {[%emt 00:00:56]} Rxc8 {[%clk 00:00:47]} {[%emt 00:01:07]}
38. Bxc8 {[%clk 00:02:13]} {[%emt 00:00:02]} Kd8 {[%clk 00:01:07]} {[%emt
00:00:10]} 39. Bb7 {[%clk 00:00:57]} {[%emt 00:01:45]} Bxb7 {[%clk 00:01:23]}
{[%emt 00:00:14]} 40. Nxb7+ {[%clk 00:01:21]} {[%emt 00:00:06]} Kc7 {[%clk
00:01:26]} {[%emt 00:00:26]} 41. Nc5 {[%clk 00:01:42]} {[%emt 00:00:10]} Kc6
{[%clk 00:29:11]} {[%emt 00:02:45]} 42. Kd3 {[%clk 00:30:51]} {[%emt 00:01:21]}
Kb5 {[%clk 00:27:03]} {[%emt 00:02:38]} 43. Kc3 {[%clk 00:30:47]} {[%emt
00:00:34]} a5 {[%clk 00:26:30]} {[%emt 00:01:03]} 44. a4+ {[%clk 00:29:39]}
{[%emt 00:01:38]} Kb6 {[%clk 00:26:40]} {[%emt 00:00:20]} 45. Ne6 {[%clk
00:29:26]} {[%emt 00:00:42]} axb4+ {[%clk 00:24:48]} {[%emt 00:02:23]} 46. Kxb4
{[%clk 00:29:54]} {[%emt 00:00:02]} Nc6+ {[%clk 00:23:16]} {[%emt 00:02:02]}
47. Kc4 {[%clk 00:28:21]} {[%emt 00:02:03]} Ka5 {[%clk 00:22:08]} {[%emt
00:01:38]} 48. Nxg7 {[%clk 00:28:35]} {[%emt 00:00:15]} Nd4 {[%clk 00:22:00]}
{[%emt 00:00:38]} 49. Ne8 {[%clk 00:23:52]} {[%emt 00:05:13]} Nc2 {[%clk
00:20:31]} {[%emt 00:02:00]} 50. Nxf6 {[%clk 00:22:10]} {[%emt 00:02:12]} Ne3+
{[%clk 00:20:27]} {[%emt 00:00:33]} 51. Kb3 {[%clk 00:22:35]} {[%emt 00:00:05]}
Nxg2 {[%clk 00:20:45]} {[%emt 00:00:12]} 52. Ng4 {[%clk 00:22:51]} {[%emt
00:00:14]} h5 {[%clk 00:19:28]} {[%emt 00:01:48]} 53. Nxe5 {[%clk 00:23:15]}
{[%emt 00:00:05]} h4 {[%clk 00:19:08]} {[%emt 00:00:51]} 54. Nc4+ {[%clk
00:23:15]} {[%emt 00:00:30]} Ka6 {[%clk 00:19:22]} {[%emt 00:00:16]} 55. e5
{[%clk 00:23:36]} {[%emt 00:00:08]} Nf4 {[%clk 00:18:30]} {[%emt 00:01:22]} 56.
Kc3 {[%clk 00:23:15]} {[%emt 00:00:51]} h3 {[%clk 00:18:24]} {[%emt 00:00:37]}
57. Kd2 {[%clk 00:22:47]} {[%emt 00:00:58]} Kb7 {[%clk 00:16:45]} {[%emt
00:02:09]} 58. Ke3 {[%clk 00:22:51]} {[%emt 00:00:26]} Nd5+ {[%clk 00:16:30]}
{[%emt 00:00:45]} 59. Kd4 {[%clk 00:23:09]} {[%emt 00:00:11]} Nf4 {[%clk
00:16:42]} {[%emt 00:00:18]} 60. Ke4 {[%clk 00:22:16]} {[%emt 00:01:23]} Ne2
{[%clk 00:16:52]} {[%emt 00:00:21]} 61. Ke3 {[%clk 00:20:58]} {[%emt 00:01:46]}
Nc3 {[%clk 00:16:40]} {[%emt 00:00:43]} 62. e6 {[%clk 00:20:37]} {[%emt
00:00:50]} Kc6 {[%clk 00:16:46]} {[%emt 00:00:26]} 63. a5 Kc5 64. a6 Kc6 65.
Kd4 Ne2+ 66. Ke5 Ng1 67. Kf6 Nxf3 68. e7 Kd7 69. a7 1-0

[Event "DEM U18 2024"]
[Site "Willingen GER"]
[Date "2024.05.22"]
[Round "6"]
[White "Hoffmann, Kay"]
[Black "Demchenko, Yaroslav"]
[Result "0-1"]
[Termination "normal"]
[Board "13"]
[WhiteElo "2047"]
[BlackElo "1996"]
[WhiteClock "00:00:47"]
[BlackClock "00:39:16"]
[PlyCount "74"]
[WhiteFideId "16227000"]
[BlackFideId "14186667"]
[EventCountry "GER"]
[EventRounds "9"]
[EventType "swiss"]
[EventDate "2024.05.18"]

1. d4 {[%clk 01:30:30]} {[%emt 01:17:49]} Nf6 {[%clk 01:30:51]} {[%emt
00:00:18]} 2. c4 {[%clk 01:31:24]} {[%emt 00:00:05]} g6 {[%clk 01:31:15]}
{[%emt 00:00:05]} 3. Nc3 {[%clk 01:31:50]} {[%emt 00:00:04]} Bg7 {[%clk
01:31:28]} {[%emt 00:00:18]} 4. e4 {[%clk 01:32:14]} {[%emt 00:00:06]} d6
{[%clk 01:31:55]} {[%emt 00:00:03]} 5. h3 {[%clk 01:32:38]} {[%emt 00:00:06]}
O-O {[%clk 01:32:10]} {[%emt 00:00:14]} 6. Be3 {[%clk 01:33:04]} {[%emt
00:00:04]} e5 {[%clk 01:32:19]} {[%emt 00:00:22]} 7. d5 {[%clk 01:33:28]}
{[%emt 00:00:06]} a5 {[%clk 01:32:45]} {[%emt 00:00:03]} 8. g4 {[%clk
01:33:21]} {[%emt 00:00:38]} Na6 {[%clk 01:33:02]} {[%emt 00:00:14]} 9. Nge2
{[%clk 01:33:28]} {[%emt 00:00:22]} c6 {[%clk 01:33:12]} {[%emt 00:00:20]} 10.
Ng3 {[%clk 01:33:20]} {[%emt 00:00:38]} cxd5 {[%clk 01:33:26]} {[%emt
00:00:16]} 11. cxd5 {[%clk 01:33:40]} {[%emt 00:00:10]} Nc5 {[%clk 01:33:44]}
{[%emt 00:00:12]} 12. Be2 {[%clk 01:32:54]} {[%emt 00:01:16]} Bd7 {[%clk
01:33:58]} {[%emt 00:00:16]} 13. f3 {[%clk 01:31:22]} {[%emt 00:02:02]} a4
{[%clk 01:30:30]} {[%emt 00:03:58]} 14. Kf2 {[%clk 01:27:01]} {[%emt 00:04:51]}
Qa5 {[%clk 01:22:26]} {[%emt 00:08:34]} 15. h4 {[%clk 01:11:32]} {[%emt
00:15:57]} a3 {[%clk 01:16:24]} {[%emt 00:06:34]} 16. Qd2 {[%clk 00:55:27]}
{[%emt 00:16:34]} axb2 {[%clk 01:11:31]} {[%emt 00:05:24]} 17. Qxb2 {[%clk
00:54:53]} {[%emt 00:01:04]} Bxg4 {[%clk 01:08:52]} {[%emt 00:03:09]} 18. h5
{[%clk 00:42:24]} {[%emt 00:12:59]} Bxh5 {[%clk 01:07:30]} {[%emt 00:01:52]}
19. Bg5 {[%clk 00:38:28]} {[%emt 00:04:26]} Qa7 {[%clk 00:59:20]} {[%emt
00:08:40]} 20. Kg2 {[%clk 00:37:49]} {[%emt 00:01:08]} h6 {[%clk 00:58:34]}
{[%emt 00:01:16]} 21. Bxf6 {[%clk 00:37:02]} {[%emt 00:01:18]} Bxf6 {[%clk
00:58:02]} {[%emt 00:01:02]} 22. Nxh5 {[%clk 00:33:44]} {[%emt 00:03:47]} gxh5
{[%clk 00:58:28]} {[%emt 00:00:04]} 23. Rxh5 {[%clk 00:34:06]} {[%emt
00:00:09]} Bg5 {[%clk 00:55:56]} {[%emt 00:03:02]} 24. Nb5 {[%clk 00:26:33]}
{[%emt 00:08:03]} Qb6 {[%clk 00:54:54]} {[%emt 00:01:32]} 25. Rah1 {[%clk
00:21:05]} {[%emt 00:05:57]} Kg7 {[%clk 00:47:34]} {[%emt 00:07:50]} 26. R1h3
{[%clk 00:17:35]} {[%emt 00:04:00]} Rg8 {[%clk 00:45:52]} {[%emt 00:02:12]} 27.
Rg3 {[%clk 00:14:45]} {[%emt 00:03:20]} Kh7 {[%clk 00:45:17]} {[%emt 00:01:05]}
28. Rg4 {[%clk 00:10:36]} {[%emt 00:04:39]} Nd7 {[%clk 00:43:14]} {[%emt
00:02:33]} 29. f4 {[%clk 00:01:41]} {[%emt 00:09:25]} Nf6 {[%clk 00:40:07]}
{[%emt 00:03:37]} 30. Rhxg5 {[%clk 00:00:45]} {[%emt 00:01:27]} hxg5 {[%clk
00:40:26]} {[%emt 00:00:11]} 31. Qb1 {[%clk 00:00:33]} {[%emt 00:00:42]} Nxg4
{[%clk 00:40:03]} {[%emt 00:00:53]} 32. Bxg4 {[%clk 00:01:01]} {[%emt
00:00:01]} Rg7 {[%clk 00:39:31]} {[%emt 00:01:03]} 33. f5 {[%clk 00:01:16]}
{[%emt 00:00:15]} Kg8 {[%clk 00:39:42]} {[%emt 00:00:18]} 34. f6 {[%clk
00:00:43]} {[%emt 00:01:03]} Rh7 {[%clk 00:39:20]} {[%emt 00:00:52]} 35. Bf5
{[%clk 00:00:47]} {[%emt 00:00:27]} Rh4 {[%clk 00:38:45]} {[%emt 00:01:05]} 36.
Qc1 {[%clk 00:01:08]} {[%emt 00:00:09]} Rxa2+ {[%clk 00:38:51]} {[%emt
00:00:23]} 37. Kg3 {[%clk 00:00:47]} {[%emt 00:00:51]} Qf2# {[%clk 00:39:16]}
{[%emt 00:00:06]} 0-1

[Event "DEM U18 2024"]
[Site "Willingen GER"]
[Date "2024.05.22"]
[Round "6"]
[White "Foksha, Mischa"]
[Black "Abou Wally, Adrian"]
[Result "1-0"]
[Termination "normal"]
[Board "14"]
[WhiteElo "2022"]
[BlackElo "1917"]
[WhiteClock "01:12:37"]
[BlackClock "00:27:54"]
[PlyCount "55"]
[WhiteFideId "16253400"]
[BlackFideId "16245113"]
[EventCountry "GER"]
[EventRounds "9"]
[EventType "swiss"]
[EventDate "2024.05.18"]

1. e4 {[%clk 01:30:57]} {[%emt 00:00:02]} e5 {[%clk 01:30:56]} {[%emt
00:00:06]} 2. Nf3 {[%clk 01:31:23]} {[%emt 00:00:04]} Nc6 {[%clk 01:31:22]}
{[%emt 00:00:04]} 3. Bb5 {[%clk 01:31:50]} {[%emt 00:00:03]} a6 {[%clk
01:31:45]} {[%emt 00:00:08]} 4. Ba4 {[%clk 01:32:16]} {[%emt 00:00:03]} Nf6
{[%clk 01:32:09]} {[%emt 00:00:06]} 5. O-O {[%clk 01:32:39]} {[%emt 00:00:05]}
b5 {[%clk 01:32:32]} {[%emt 00:00:08]} 6. Bb3 {[%clk 01:32:53]} {[%emt
00:00:17]} Be7 {[%clk 01:32:55]} {[%emt 00:00:06]} 7. d4 {[%clk 01:31:55]}
{[%emt 00:01:29]} Nxd4 {[%clk 01:24:32]} {[%emt 00:08:53]} 8. Bxf7+ {[%clk
01:31:12]} {[%emt 00:01:12]} Kxf7 {[%clk 01:21:31]} {[%emt 00:03:31]} 9. Nxe5+
{[%clk 01:31:35]} {[%emt 00:00:07]} Kg8 {[%clk 01:14:02]} {[%emt 00:07:59]} 10.
Qxd4 {[%clk 01:31:54]} {[%emt 00:00:11]} Bb7 {[%clk 01:14:10]} {[%emt
00:00:22]} 11. Nc3 {[%clk 01:30:00]} {[%emt 00:02:24]} d6 {[%clk 01:13:03]}
{[%emt 00:01:38]} 12. Nf3 {[%clk 01:30:00]} {[%emt 00:00:30]} h6 {[%clk
01:09:37]} {[%emt 00:03:56]} 13. Bf4 {[%clk 01:27:52]} {[%emt 00:02:37]} Kh7
{[%clk 01:08:52]} {[%emt 00:01:15]} 14. Rad1 {[%clk 01:25:44]} {[%emt
00:02:38]} Rf8 {[%clk 01:08:04]} {[%emt 00:01:19]} 15. e5 {[%clk 01:20:04]}
{[%emt 00:06:09]} Ne4 {[%clk 00:44:37]} {[%emt 00:23:57]} 16. Nxe4 {[%clk
01:17:18]} {[%emt 00:03:16]} Rxf4 {[%clk 00:45:00]} {[%emt 00:00:07]} 17. Nf6+
{[%clk 01:17:44]} {[%emt 00:00:04]} Rxf6 {[%clk 00:43:58]} {[%emt 00:01:32]}
18. exf6 {[%clk 01:18:08]} {[%emt 00:00:06]} Bxf6 {[%clk 00:44:20]} {[%emt
00:00:09]} 19. Qd3+ {[%clk 01:18:32]} {[%emt 00:00:05]} Kh8 {[%clk 00:44:44]}
{[%emt 00:00:07]} 20. c3 {[%clk 01:17:09]} {[%emt 00:01:53]} Qd7 {[%clk
00:44:22]} {[%emt 00:00:52]} 21. Qg6 {[%clk 01:16:45]} {[%emt 00:00:53]} Bxf3
{[%clk 00:42:14]} {[%emt 00:02:38]} 22. gxf3 {[%clk 01:17:09]} {[%emt
00:00:06]} Rf8 {[%clk 00:42:05]} {[%emt 00:00:39]} 23. Rfe1 {[%clk 01:16:27]}
{[%emt 00:01:12]} Qc8 {[%clk 00:38:56]} {[%emt 00:03:39]} 24. f4 {[%clk
01:14:26]} {[%emt 00:02:31]} Bh4 {[%clk 00:34:38]} {[%emt 00:04:48]} 25. Re6
{[%clk 01:13:59]} {[%emt 00:00:57]} Qa8 {[%clk 00:33:49]} {[%emt 00:01:20]} 26.
Qh5 {[%clk 01:12:28]} {[%emt 00:01:59]} Bxf2+ {[%clk 00:27:29]} {[%emt
00:06:51]} 27. Kxf2 {[%clk 01:12:52]} {[%emt 00:00:06]} Rxf4+ {[%clk 00:27:54]}
{[%emt 00:00:05]} 28. Kg3 {[%clk 01:12:37]} {[%emt 00:00:45]} 1-0

[Event "DEM U18 2024"]
[Site "Willingen GER"]
[Date "2024.05.22"]
[Round "6"]
[White "Morczynski, Joachim"]
[Black "Scharf, Christian"]
[Result "1-0"]
[Termination "normal"]
[Board "15"]
[WhiteElo "1980"]
[BlackElo "1819"]
[WhiteClock "00:58:24"]
[BlackClock "00:14:26"]
[PlyCount "71"]
[WhiteFideId "16209745"]
[BlackFideId "16266110"]
[EventCountry "GER"]
[EventRounds "9"]
[EventType "swiss"]
[EventDate "2024.05.18"]

1. e4 {[%clk 01:30:57]} {[%emt 00:00:02]} c5 {[%clk 01:30:53]} {[%emt
00:00:06]} 2. Nf3 {[%clk 01:31:24]} {[%emt 00:00:04]} d6 {[%clk 01:31:18]}
{[%emt 00:00:05]} 3. d4 {[%clk 01:31:50]} {[%emt 00:00:05]} cxd4 {[%clk
01:31:43]} {[%emt 00:00:05]} 4. Qxd4 {[%clk 01:32:16]} {[%emt 00:00:04]} Nc6
{[%clk 01:31:52]} {[%emt 00:00:19]} 5. Bb5 {[%clk 01:32:43]} {[%emt 00:00:05]}
Bd7 {[%clk 01:32:13]} {[%emt 00:00:08]} 6. Bxc6 {[%clk 01:33:08]} {[%emt
00:00:06]} Bxc6 {[%clk 01:32:30]} {[%emt 00:00:12]} 7. Nc3 {[%clk 01:33:32]}
{[%emt 00:00:07]} Nf6 {[%clk 01:32:31]} {[%emt 00:00:28]} 8. Bg5 {[%clk
01:33:57]} {[%emt 00:00:06]} e6 {[%clk 01:32:47]} {[%emt 00:00:13]} 9. O-O-O
{[%clk 01:34:21]} {[%emt 00:00:05]} Be7 {[%clk 01:32:47]} {[%emt 00:00:30]} 10.
Qd3 {[%clk 01:34:41]} {[%emt 00:00:11]} Qa5 {[%clk 01:32:29]} {[%emt 00:00:48]}
11. h4 {[%clk 01:35:02]} {[%emt 00:00:09]} h6 {[%clk 01:32:38]} {[%emt
00:00:20]} 12. Bxf6 {[%clk 01:35:26]} {[%emt 00:00:07]} Bxf6 {[%clk 01:32:05]}
{[%emt 00:01:03]} 13. Nd4 {[%clk 01:35:42]} {[%emt 00:00:14]} Qb6 {[%clk
01:09:33]} {[%emt 00:23:02]} 14. f4 {[%clk 01:33:42]} {[%emt 00:02:29]} Qxd4
{[%clk 01:08:12]} {[%emt 00:01:52]} 15. Qxd4 {[%clk 01:34:06]} {[%emt
00:00:06]} Bxd4 {[%clk 01:08:37]} {[%emt 00:00:05]} 16. Rxd4 {[%clk 01:34:29]}
{[%emt 00:00:07]} Ke7 {[%clk 01:07:57]} {[%emt 00:01:09]} 17. Rhd1 {[%clk
01:29:54]} {[%emt 00:05:05]} g5 {[%clk 01:04:57]} {[%emt 00:03:31]} 18. hxg5
{[%clk 01:19:07]} {[%emt 00:11:17]} hxg5 {[%clk 01:05:20]} {[%emt 00:00:06]}
19. fxg5 {[%clk 01:19:33]} {[%emt 00:00:05]} Rh2 {[%clk 01:05:01]} {[%emt
00:00:50]} 20. b4 {[%clk 01:14:18]} {[%emt 00:05:45]} Rxg2 {[%clk 00:59:48]}
{[%emt 00:05:42]} 21. b5 {[%clk 01:14:40]} {[%emt 00:00:08]} Be8 {[%clk
00:59:43]} {[%emt 00:00:35]} 22. Rxd6 {[%clk 01:14:59]} {[%emt 00:00:11]} Rxg5
{[%clk 00:59:04]} {[%emt 00:01:08]} 23. a4 {[%clk 01:15:20]} {[%emt 00:00:10]}
Rc8 {[%clk 00:56:00]} {[%emt 00:03:34]} 24. Nb1 {[%clk 01:12:32]} {[%emt
00:03:17]} Rg2 {[%clk 00:38:35]} {[%emt 00:17:56]} 25. Na3 {[%clk 01:06:51]}
{[%emt 00:06:12]} Rc3 {[%clk 00:31:22]} {[%emt 00:07:42]} 26. Kb2 {[%clk
01:06:33]} {[%emt 00:00:47]} Re3 {[%clk 00:31:06]} {[%emt 00:00:47]} 27. Rd8
{[%clk 01:04:41]} {[%emt 00:02:22]} Rxe4 {[%clk 00:28:15]} {[%emt 00:03:21]}
28. Rb8 {[%clk 01:05:04]} {[%emt 00:00:06]} Rxa4 {[%clk 00:25:22]} {[%emt
00:03:24]} 29. Rxb7+ {[%clk 01:05:29]} {[%emt 00:00:05]} Kf6 {[%clk 00:20:14]}
{[%emt 00:05:38]} 30. Rd8 {[%clk 01:04:08]} {[%emt 00:01:51]} Rg8 {[%clk
00:19:34]} {[%emt 00:01:10]} 31. Rbb8 {[%clk 01:02:44]} {[%emt 00:01:54]} Ke7
{[%clk 00:19:34]} {[%emt 00:00:30]} 32. c4 {[%clk 01:02:48]} {[%emt 00:00:27]}
a6 {[%clk 00:15:53]} {[%emt 00:04:10]} 33. b6 {[%clk 01:02:35]} {[%emt
00:00:43]} a5 {[%clk 00:14:55]} {[%emt 00:01:28]} 34. Nc2 {[%clk 00:57:45]}
{[%emt 00:05:20]} Rxc4 {[%clk 00:14:27]} {[%emt 00:00:59]} 35. Rxe8+ {[%clk
00:58:01]} {[%emt 00:00:13]} Rxe8 {[%clk 00:14:26]} {[%emt 00:00:31]} 36. Rxe8+
{[%clk 00:58:24]} {[%emt 00:00:06]} 1-0